| 000 | 00579nam a22001697a 4500 | ||
|---|---|---|---|
| 003 | NUST | ||
| 038 | _aNusrat Nadeem | ||
| 082 | _a200 | ||
| 100 |
_aJafri, Mubasshar Hassan _9124282 |
||
| 245 |
_aRole of Youth Movement in Conflict: Case Study of Pakistani Young Doctors/ _cMubasshar Hassan Jafri, |
||
| 264 |
_aIslamabad; _bCIPS NUST; _c2022. |
||
| 300 |
_a229,p; _bill; _c30,cm. |
||
| 650 |
_aPhD-Peace and Conflict Studies _9123173 |
||
| 700 |
_aSupervisor: Dr. Najimdeen Bakare _9124283 |
||
| 856 | _u http://10.250.8.41:8080/xmlui/handle/123456789/34705 | ||
| 942 |
_2ddc _cSC |
||
| 999 |
_c610186 _d610186 |
||